Rumunsko jako křižovatka obchodu
Rumunsko ako jedna z najrýchlejšie rastúcich ekonomík EÚ. Perspektívny trh z hľadiska logistiky. Príležitosti pre podnikanie v oblasti energetiky, strojárenstva a v obnove infraštruktúry. Rast internetového obchodu. Atraktívny trh pre investorov. Negatívum - chýbajúca dopravná infraštruktúra.
Salvato in:
| Autore principale: | |
|---|---|
| Natura: | Capitolo di libro |
| Lingua: | ceco |
| Soggetti: | |
| Tags: |
Nessun Tag, puoi essere il primo ad aggiungerne!!
|
MARC
| LEADER | 00000naa a2200000 4500 | ||
|---|---|---|---|
| 001 | 0210150 | ||
| 005 | 20231211081212.1 | ||
| 041 | 0 | |a cze | |
| 044 | |a CZ | ||
| 245 | 1 | 0 | |a Rumunsko jako křižovatka obchodu |c Pavel Libora |
| 520 | |a Rumunsko ako jedna z najrýchlejšie rastúcich ekonomík EÚ. Perspektívny trh z hľadiska logistiky. Príležitosti pre podnikanie v oblasti energetiky, strojárenstva a v obnove infraštruktúry. Rast internetového obchodu. Atraktívny trh pre investorov. Negatívum - chýbajúca dopravná infraštruktúra. | ||
| 610 | 2 | 0 | |a obchod |
| 610 | 2 | 0 | |a investície |
| 610 | 2 | 0 | |a trh |
| 610 | 2 | 0 | |a obchod elektronický |
| 610 | 2 | 0 | |a logistika |
| 610 | 2 | 0 | |a Rumunsko |
| 100 | 1 | |a Libora, Pavel | |